Normal view
MARC view
- AHSAN, MUZZAMMIL,MUBASHIR
Entry Personal Name
001 - CONTROL NUMBER
- control field: 72205
003 - CONTROL NUMBER IDENTIFIER
- control field: NUST
005 - DATE AND TIME OF LATEST TRANSACTION
- control field: 20210628204745.0
008 - FIXED-LENGTH DATA ELEMENTS
- fixed length control field: 210628|| aca||aabn | a|a d
040 ## - CATALOGING SOURCE
- Original cataloging agency: NUST
- Transcribing agency: NUST
100 ## - HEADING--PERSONAL NAME
- Personal name: AHSAN, MUZZAMMIL,MUBASHIR
670 ## - SOURCE DATA FOUND
- Source citation: Work cat.: (NUST): AHSAN, MUZZAMMIL,MUBASHIR, PR-SOF-1056-DESIGN AND AUTOMATION OF RADAR GUIDED ANTI- AIRCRAFT GUN, 2011
